| 000 | 06799namaa22004451i 4500 | ||
|---|---|---|---|
| 003 | EG-GICUC | ||
| 005 | 20260509140111.0 | ||
| 008 | 260509s2026 ua a|||frm||| 000 0 eng d | ||
| 040 |
_aEG-GICUC _beng _cEG-GICUC _dEG-GICUC _erda |
||
| 041 | 0 |
_aeng _beng _bara |
|
| 049 | _aDeposit | ||
| 082 | 0 | 4 | _a611 |
| 092 |
_a611 _221 |
||
| 097 | _aM.Sc | ||
| 099 | _aCai01.10.01.M.Sc.2026.Es.S | ||
| 100 | 0 |
_aEsraa Esmat Mohamed Bekhet, _epreparation. |
|
| 245 | 1 | 0 |
_aStrategies For liver damage regeneration induced by chemotherapeutic agent in rats / _cby Esraa Esmat Mohamed Bekhet ; Supervision Prof. Dr. Nora Abd Elaziz Hamed Shaker, Prof. Dr. Nora Abd Elaziz Hamed Shaker, Dr. Alaa Hamdy Mohamed Ahmed. |
| 246 | 1 | 5 | _aاستراتيجيات تجديد تلف الكبد الناجم عن العلاج الكيميائي في الجرذان |
| 264 | 0 | _c2025. | |
| 300 |
_a139 pages : _billustrations ; _c25 cm. + _eCD. |
||
| 336 |
_atext _2rda content |
||
| 337 |
_aUnmediated _2rdamedia |
||
| 338 |
_avolume _2rdacarrier |
||
| 502 | _aأThesis (M.Sc)-Cairo University, 2026. | ||
| 504 | _aBibliography: pages 112-130. | ||
| 520 | 3 | _aThe current study aimed to investigate the potential of pomegranate nanoparticles, adipose derived mesenchymal stem cells and their derived exosomes to promote damaged hepatic tissue for regeneration. 70 albino rats were divided into seven groups(10 rats per group), G1 : control negative (no treatment), G2:control positive,G3: pomegranate nanoparticles (PE-NPs) treated group, G4: exosome treated group, G5:(PE-NPs)+exosome treated group, G6: adipose derived mesenchymal stem cell (ADMSCs) treated group, and G7: (ADMSCs)+exosome treated group. To induce hepatotoxicity, positive control and the five treatment groups’ rats were injected intraperitoneally (I/P) by a high dose (50 mg/kg) of cyclophosphamide (CP) dissolved in phosphate buffered saline (PBS) on the first day followed by a lower dose (8 mg/kg) for 15 days. At 45th day after treatment, liver enzymes were analysed. Liver tissue was preserved for histopathological and immune-histochemical studies, hepatic oxidative stress indicators, and antioxidant enzyme activity. Our findings revealed that cyclophosphamide administration resulted in severe liver damage, characterized by significantly increased AST, ALT, and ALP levels, elevated MDA, reduced GSH, and marked inflammatory and histopathological alterations. Treatment with PE-NPs, ADMSCs, and exosomes markedly ameliorated these changes. Importantly, the combination therapy demonstrated superior therapeutic efficacy, showing the most significant biochemical, molecular, and histological improvement. In conclusion, the mixed treated groups (G5 and G7) offer a synergistic and innovative therapeutic approach, demonstrating enhanced regenerative potential compared to other groups. | |
| 520 | 3 | _aتهدف الدراسة الحالية إلى استقصاء الكفاءة التجديدية لكلٍ من جسيمات الرمان النانوية، والخلايا الجذعية الوسيطة المشتقة من النسيج الدهني، والحويصلات المشتقة منها في تعزيز تجدد أنسجة الكبد المتضررة. تم تقسيم ٧٠ جرذًا من جرذان الألبينو إلى سبع مجموعات (١٠جرذان/ مجموعة): مجموعة الضبط السالبة (بدون علاج)، مجموعة الضبط الموجبة، مجموعة المعالجة بجسيمات الرمان النانوية، مجموعة المعالجة بالحويصلات، مجموعة المعالجة بالخلايا الجذعية الوسيطة المشتقة من النسيج الدهني، مجموعة المعالجة بـجسيمات الرمان النانوية+ الحويصلات المشتقة من الخلايا الجذعية الوسيطة، ومجموعة المعالجة بـالخلايا الجذعية الوسيطة المشتقة من النسيج الدهني+ الحويصلات المشتقة منها. ولإحداث التسمم الكبدي، تم حقن الجرذان في مجموعة الضبط الموجبة والمجموعات المعالَجة بجرعة عالية من السيكلوفوسفاميد (٥٠ مجم/كجم من وزن الجسم) داخل الصفاق في اليوم الأول، تلتها جرعة أقل (٨ مجم/كجم) لمدة ١٥ يومًا. وفي اليوم الخامس والأربعين بعد انتهاء فترة المعالجة، تم تقدير إنزيمات الكبد في المصل. كما تم الاحتفاظ بعينات من أنسجة الكبد لإجراء الفحوصات النسيجية والكيمياء المناعية النسيجية، وقياس مؤشرات الإجهاد التأكسدي الكبدي ونشاط الإنزيمات المضادة للأكسدة. كشفت نتائجنا أن إعطاء السيكلوفوسفاميد أدى إلى حدوث تلف شديد بالكبد، تميز بارتفاع ملحوظ في مستويات إنزيمات الكبد، وارتفاع مستوى المالوندالدهيد، وانخفاض مستوى الجلوتاثيون، إضافةً إلى حدوث تغيّرات التهابية ونسيجية واضحة. وقد أدى العلاج بجسيمات الرمان النانوية والخلايا الجذعية الوسيطة المشتقة من النسيج الدهني والحويصلات الخارجية إلى تحسّن ملحوظ في هذه التغيرات. وفي الختام، أظهرت المجموعات المعالَجة تحسنًا ملحوظًا في المؤشرات الوظيفية والنسيجية للكبد، وكان التحسن أكثر وضوحًا في المجموعات المعالَجة بالعلاج المشترك، مما يشير إلى أن العلاج المركب يمثل نهجًا علاجيًا تآزريًا ومبتكرًا يتمتع بقدرة تجديدية أعلى مقارنة ببقية المجموعات. | |
| 530 | _aIssues also as CD. | ||
| 546 | _aText in English and abstract in Arabic & English. | ||
| 650 | 0 | _aAnatomy | |
| 650 | 0 | _aالتشريح | |
| 653 | 1 |
_aHepatotoxicity _aCyclophosphamide _aStem cell _aExosomes _aPomegranate nanoparticles _aAlbino Rats |
|
| 700 | 0 |
_aNora Abd Elaziz Hamed Shaker _ethesis advisor. |
|
| 700 | 0 |
_aNora Abd Elaziz Hamed Shaker _ethesis advisor. |
|
| 700 | 0 |
_aAlaa Hamdy Mohamed Ahmed _ethesis advisor. |
|
| 900 |
_b01-01-2026 _cYasser Ramadan Wally _cNora Abd Elaziz Hamed Shaker _cAlaa Hamdy Mohamed Ahmed _UCairo University _FFaculty of Veterinary Medicine _DDepartment of Anatomy and Embryology |
||
| 905 | _aShimaa | ||
| 942 |
_2ddc _cTH _e21 _n0 |
||
| 999 | _c180038 | ||